[Event "NRW Class2 1819"]
[Site "Germany"]
[Date "2019.04.14"]
[Round "8.4"]
[White "Cramer, Volker"]
[Black "Engels, Natia"]
[Result "1-0"]
[WhiteElo "2148"]
[BlackElo "2047"]
[PlyCount "69"]
[EventDate "2018.09.16"]
[EventType "team-tourn"]
[EventRounds "9"]
[EventCountry "GER"]
[SourceTitle "EXT 2022"]
[Source "ChessBase"]
[SourceDate "2021.10.06"]
[SourceVersion "1"]
[SourceVersionDate "2021.10.06"]
[SourceQuality "1"]
[WhiteTeam "Koeln Lasker"]
[BlackTeam "Suedlohn"]
[WhiteTeamCountry "GER"]
[BlackTeamCountry "GER"]

1. d4 c5 2. d5 b5 3. e4 a6 4. a4 b4 5. a5 d6 6. Bd3 e5 7. Nd2 Nf6 8. Nc4 Ra7 9. h3 Be7 10. Be3 Nbd7 11. Ne2 Nf8 12. f4 exf4 13. Nxf4 Ng6 14. 0-0 0-0 15. Qe2 Re8 16. Nxg6 hxg6 17. Qf3 Qc7 18. Bf4 Bb7 19. Rae1 Bf8 20. g4 Qd7 21. Re2 Rd8 22. Qg3 Ne8 23. Ref2 Nf6 24. Qf3 Qe8 25. g5 Nh7 26. h4 Bc8 27. h5 f5 28. hxg6 Qxg6 29. e5 Nxg5 30. Bxg5 Qxg5+ 31. Rg2 Qh4 32. e6 Qd4+ 33. Rff2 Be7 34. Qxf5 Bf6 35. Qxf6 1-0

[Event "NRW Class2 1819"]
[Site "Germany"]
[Date "2019.02.17"]
[Round "6.4"]
[White "Cramer, Volker"]
[Black "Rohovoy, Dimitrij"]
[Result "1/2-1/2"]
[WhiteElo "2148"]
[BlackElo "1939"]
[PlyCount "90"]
[EventDate "2018.09.16"]
[EventType "team-tourn"]
[EventRounds "9"]
[EventCountry "GER"]
[SourceTitle "EXT 2022"]
[Source "ChessBase"]
[SourceDate "2021.10.06"]
[SourceVersion "1"]
[SourceVersionDate "2021.10.06"]
[SourceQuality "1"]
[WhiteTeam "Koeln Lasker"]
[BlackTeam "Sodingen/Castrop SK"]
[WhiteTeamCountry "GER"]
[BlackTeamCountry "GER"]

1. d4 Nf6 2. Bg5 d5 3. Bxf6 exf6 4. e3 Bd6 5. g3 c6 6. Bg2 Na6 7. Ne2 0-0 8. 0-0 Nc7 9. b3 Ne6 10. c4 dxc4 11. bxc4 Ng5 12. h4 Ne6 13. Nd2 f5 14. d5 cxd5 15. cxd5 Nc5 16. Nc4 b5 17. Nxd6 Qxd6 18. Nd4 Bd7 19. Rc1 Rac8 20. Nc6 a6 21. Qd4 Ne4 22. Bxe4 fxe4 23. Qxe4 Rfe8 24. Qf4 Qxf4 25. gxf4 Bxc6 26. Rxc6 Rxc6 27. dxc6 Rc8 28. Rc1 Kf8 29. c7 Ke7 30. Rc6 a5 31. Rc5 b4 32. Rxa5 Rxc7 33. Rb5 Ra7 34. Rxb4 Rxa2 35. e4 Ke6 36. Rb6+ Ke7 37. Rb7+ Ke8 38. Kg2 Ra3 39. e5 g6 40. f3 h5 41. e6 fxe6 42. Rg7 Ra2+ 43. Kh3 Ra3 44. Kg3 Ra1 45. Kf2 Ra2+ 1/2-1/2

[Event "NRW Class2 1819"]
[Site "Germany"]
[Date "2019.01.13"]
[Round "5.3"]
[White "Browning, Alex"]
[Black "Cramer, Volker"]
[Result "1-0"]
[WhiteElo "2121"]
[BlackElo "2148"]
[PlyCount "119"]
[EventDate "2018.09.16"]
[EventType "team-tourn"]
[EventRounds "9"]
[EventCountry "GER"]
[SourceTitle "EXT 2022"]
[Source "ChessBase"]
[SourceDate "2021.10.06"]
[SourceVersion "1"]
[SourceVersionDate "2021.10.06"]
[SourceQuality "1"]
[WhiteTeam "Plettenberg"]
[BlackTeam "Koeln Lasker"]
[WhiteTeamCountry "GER"]
[BlackTeamCountry "GER"]

1. e4 e6 2. d4 d5 3. Nc3 Nf6 4. Bg5 Be7 5. e5 Nfd7 6. Bxe7 Qxe7 7. f4 a6 8. Nf3 c5 9. dxc5 Nc6 10. Bd3 Nxc5 11. Qd2 b5 12. 0-0 b4 13. Ne2 0-0 14. Qe3 Nxd3 15. cxd3 a5 16. Rac1 Qa7 17. Qxa7 Nxa7 18. Kf2 Ba6 19. Ke3 a4 20. Nfd4 a3 21. b3 Bb5 22. Rc7 Rfb8 23. Rfc1 Kf8 24. R1c5 Be8 25. g4 g6 26. f5 gxf5 27. gxf5 exf5 28. Rxd5 Nc8 29. Nxf5 Nb6 30. Rd6 Ra5 31. Ke4 Na8 32. Rc4 Ra7 33. Ned4 Nc7 34. Nc6 Bxc6+ 35. Rdxc6 Ne8 36. Rc8 Raa8 37. Rxb8 Rxb8 38. Ne3 f6 39. d4 fxe5 40. dxe5 Rb6 41. Kd5 Rh6 42. h4 Rh5 43. Rxb4 Nc7+ 44. Kc6 Ne6 45. Kd6 Ng7 46. Rf4+ Ke8 47. Ng4 Rxh4 48. Nf6+ Kd8 49. Rxh4 Nf5+ 50. Kd5 Nxh4 51. Nxh7 Nf3 52. Kd6 Nd4 53. Nf6 Nb5+ 54. Ke6 Kc7 55. Kf7 Kc6 56. e6 Kc5 57. e7 Kd4 58. Ke6 Kc3 59. Nd5+ Kb2 60. e8Q 1-0

[Event "Mittelrhein Verbandsliga-S 17/18"]
[Site "Nordrheinwestfalen"]
[Date "2018.03.18"]
[Round "9.1"]
[White "Cramer, Volker"]
[Black "Turco, Alfonso"]
[Result "1-0"]
[WhiteElo "2085"]
[BlackElo "1965"]
[PlyCount "45"]
[EventDate "2017.09.10"]
[EventType "team-tourn"]
[EventRounds "11"]
[EventCountry "GER"]
[SourceTitle "EXT 2022"]
[Source "ChessBase"]
[SourceDate "2021.10.06"]
[SourceVersion "1"]
[SourceVersionDate "2021.10.06"]
[SourceQuality "1"]
[WhiteTeam "Koeln Lasker II"]
[BlackTeam "Satranc Club"]
[WhiteTeamCountry "GER"]
[BlackTeamCountry "GER"]

1. d4 Nf6 2. Bg5 e6 3. e4 Be7 4. e5 Nd5 5. Bd2 Bg5 6. Qg4 Bxd2+ 7. Nxd2 Kf8 8. 0-0-0 b5 9. h4 b4 10. Rh3 Ba6 11. h5 Bxf1 12. Rxf1 c5 13. Rg3 Rg8 14. f4 f5 15. exf6 Nxf6 16. Qg5 cxd4 17. h6 gxh6 18. Qxh6+ Kf7 19. Rg5 Nc6 20. Ne4 Rg6 21. Rxg6 hxg6 22. Ng5+ Ke7 23. Qg7+ 1-0

[Event "Mittelrhein Verbandsliga-O 16/17"]
[Site "Nordrheinwestfalen"]
[Date "2017.03.19"]
[Round "9.1"]
[White "Horstmann, Olaf"]
[Black "Cramer, Volker"]
[Result "1/2-1/2"]
[WhiteElo "2131"]
[BlackElo "2012"]
[PlyCount "72"]
[EventDate "2016.09.11"]
[EventType "team-tourn"]
[EventRounds "11"]
[EventCountry "GER"]
[SourceTitle "EXT 2022"]
[Source "ChessBase"]
[SourceDate "2021.10.06"]
[SourceVersion "1"]
[SourceVersionDate "2021.10.06"]
[SourceQuality "1"]
[WhiteTeam "Bonn Stadtverwaltung"]
[BlackTeam "Koeln Lasker II"]
[WhiteTeamCountry "GER"]
[BlackTeamCountry "GER"]

1. e4 e6 2. d3 d5 3. Qe2 Nc6 4. Nf3 e5 5. c3 Nf6 6. Qc2 a5 7. Be2 Bc5 8. 0-0 0-0 9. Bg5 Be6 10. Nbd2 h6 11. Bh4 Qe7 12. Rfe1 d4 13. Nb3 Bxb3 14. Qxb3 a4 15. Qc2 a3 16. b4 Bb6 17. b5 Nd8 18. cxd4 Bxd4 19. Nxd4 exd4 20. f4 Qd7 21. Qc4 c6 22. Rab1 Ra5 23. bxc6 Nxc6 24. Bf3 g5 25. e5 gxh4 26. exf6 Re8 27. Bxc6 bxc6 28. Re7 Rxe7 29. fxe7 Qxe7 30. Qxd4 Rb5 31. Rc1 Rb2 32. Qc4 Qe3+ 33. Kh1 h3 34. Rg1 hxg2+ 35. Rxg2+ Rxg2 36. Kxg2 h5 1/2-1/2

[Event "Mittelrhein Verbandsliga-O 16/17"]
[Site "Nordrheinwestfalen"]
[Date "2016.11.27"]
[Round "4"]
[White "Wegener, Marcus"]
[Black "Cramer, Volker"]
[Result "0-1"]
[WhiteElo "2000"]
[BlackElo "2012"]
[PlyCount "66"]
[EventDate "2016.09.11"]
[EventType "team-tourn"]
[EventRounds "11"]
[EventCountry "GER"]
[SourceTitle "EXT 2022"]
[Source "ChessBase"]
[SourceDate "2021.10.06"]
[SourceVersion "1"]
[SourceVersionDate "2021.10.06"]
[SourceQuality "1"]
[WhiteTeam "Porz SG IV"]
[BlackTeam "Koeln Lasker II"]
[WhiteTeamCountry "GER"]
[BlackTeamCountry "GER"]

1. e4 e6 2. d4 d5 3. e5 c5 4. c3 Nc6 5. Nf3 Qb6 6. a3 Bd7 7. Be2 cxd4 8. cxd4 Nge7 9. Nc3 Nf5 10. Na4 Qd8 11. 0-0 Be7 12. Be3 0-0 13. b4 Nxe3 14. fxe3 f6 15. exf6 gxf6 16. Qb3 Kh8 17. Rac1 f5 18. Nc5 Rb8 19. Nd3 Bd6 20. Nf4 Rg8 21. Qb2 Qf6 22. b5 Ne7 23. Nd3 Ng6 24. Nde5 Be8 25. Nxg6+ Rxg6 26. a4 Rh6 27. Bd3 Bf7 28. Rc2 Rg8 29. h3 Rxh3 30. Ne5 Bxe5 31. dxe5 Qh6 32. Rf4 Rxe3 33. Qd4 Rxd3 0-1

[Event "Mittelrhein Regionalliga 1415"]
[Site "Mittelrhein"]
[Date "2015.03.15"]
[Round "8.8"]
[White "Cramer, Volker"]
[Black "Maurer, Tobias"]
[Result "1-0"]
[WhiteElo "2039"]
[BlackElo "1373"]
[PlyCount "45"]
[EventDate "2014.09.28"]
[EventType "team-tourn"]
[EventRounds "9"]
[EventCountry "GER"]
[SourceTitle "EXT 2023"]
[Source "ChessBase"]
[SourceDate "2022.10.05"]
[SourceVersion "1"]
[SourceVersionDate "2022.10.05"]
[SourceQuality "1"]
[WhiteTeam "Koeln Lasker"]
[BlackTeam "Godesberg III"]
[WhiteTeamCountry "GER"]
[BlackTeamCountry "GER"]

1. d4 d5 2. Bg5 Nf6 3. e3 Bf5 4. c4 e6 5. Qb3 b6 6. Nc3 dxc4 7. Bxc4 Be7 8. Rd1 c6 9. a4 Qc8 10. f3 h6 11. Bh4 Nbd7 12. e4 Bg6 13. Nge2 e5 14. 0-0 exd4 15. Nxd4 Bc5 16. Kh1 0-0 17. Nce2 Rb8 18. Bg3 Ra8 19. e5 Nh5 20. Nxc6 Nxg3+ 21. hxg3 Re8 22. e6 fxe6 23. Bxe6+ 1-0

[Event "Mittelrhein Regionalliga 1415"]
[Site "Mittelrhein"]
[Date "2015.01.11"]
[Round "5.8"]
[White "Koch, Matthias1111"]
[Black "Cramer, Volker"]
[Result "0-1"]
[WhiteElo "1978"]
[BlackElo "2039"]
[PlyCount "116"]
[EventDate "2014.09.28"]
[EventType "team-tourn"]
[EventRounds "9"]
[EventCountry "GER"]
[SourceTitle "EXT 2023"]
[Source "ChessBase"]
[SourceDate "2022.10.05"]
[SourceVersion "1"]
[SourceVersionDate "2022.10.05"]
[SourceQuality "1"]
[WhiteTeam "Bonn Beuel"]
[BlackTeam "Koeln Lasker"]
[WhiteTeamCountry "GER"]
[BlackTeamCountry "GER"]

1. e4 e6 2. d4 d5 3. Nc3 Nf6 4. e5 Nfd7 5. f4 c5 6. Nf3 Nc6 7. dxc5 Bxc5 8. Bd3 a6 9. Qe2 b5 10. Bd2 Nb6 11. Bxb5 axb5 12. Qxb5 Ra5 13. Qxc6+ Bd7 14. Qb7 Nc4 15. a4 0-0 16. Qb3 Qa8 17. Qa2 Nxd2 18. Kxd2 d4 19. Ne2 Rxa4 20. Qb1 Bb4+ 21. c3 dxc3+ 22. bxc3 Rxa1 23. Qxa1 Qd5+ 24. Ned4 Ra8 25. cxb4 Rxa1 26. Rxa1 f6 27. g3 g5 28. Ra5 Qb7 29. Kc3 Bc6 30. Nd2 gxf4 31. gxf4 fxe5 32. Rxe5 Bd5 33. N2b3 Kf7 34. Nc5 Qa7 35. Ncb3 Bxb3 36. Nxb3 Qf2 37. Nd4 Qxf4 38. Rxe6 Qxh2 39. b5 h5 40. b6 h4 41. Rh6 Kg8 42. Rc6 Qb8 43. Rh6 h3 44. Nc6 Qb7 45. Nd4 Qg2 46. Rc6 Qg3+ 47. Kc4 h2 48. b7 h1Q 49. Rc8+ Kf7 50. b8Q Qc1+ 51. Kd5 Qg2+ 52. Kd6 Qg6+ 53. Kd5 Qgg5+ 54. Kd6 Qa3+ 55. Kc7 Qge7+ 56. Kb6 Qeb4+ 57. Nb5 Qe3+ 58. Kc7 Qbc5+ 0-1

[Event "Mittelrhein Regionalliga 1415"]
[Site "Mittelrhein"]
[Date "2014.11.09"]
[Round "3.8"]
[White "Gohr, Aron"]
[Black "Cramer, Volker"]
[Result "1-0"]
[WhiteElo "1971"]
[BlackElo "2039"]
[PlyCount "123"]
[EventDate "2014.09.28"]
[EventType "team-tourn"]
[EventRounds "9"]
[EventCountry "GER"]
[SourceTitle "EXT 2023"]
[Source "ChessBase"]
[SourceDate "2022.10.05"]
[SourceVersion "1"]
[SourceVersionDate "2022.10.05"]
[SourceQuality "1"]
[WhiteTeam "Godesberg II"]
[BlackTeam "Koeln Lasker"]
[WhiteTeamCountry "GER"]
[BlackTeamCountry "GER"]

1. b3 e5 2. Bb2 Nc6 3. e3 d5 4. Bb5 Bd6 5. Ne2 Bg4 6. c4 a6 7. Ba4 Nge7 8. f3 Be6 9. cxd5 Bxd5 10. e4 Be6 11. Bxc6+ Nxc6 12. 0-0 Bc5+ 13. Kh1 Qd3 14. f4 Qxe4 15. Nbc3 Qg6 16. fxe5 Bg4 17. Nf4 Bxd1 18. Nxg6 hxg6 19. Nxd1 Rd8 20. Bc3 Rh5 21. Nf2 Bd4 22. Rae1 Rxe5 23. Rxe5+ Nxe5 24. Re1 Bxf2 25. Rxe5+ Kf8 26. Bb4+ c5 27. Bxc5+ Bxc5 28. Rxc5 Rxd2 29. Kg1 Ke7 30. Rc7+ Rd7 31. Rc2 Kd6 32. Kf2 Rc7 33. Rd2+ Kc5 34. a3 Re7 35. Kf3 a5 36. Rd8 b5 37. Ra8 Kb6 38. Rb8+ Rb7 39. Rc8 Rc7 40. Rb8+ Ka6 41. Ra8+ Ra7 42. Rxa7+ Kxa7 43. Ke4 Kb6 44. Kd5 g5 45. h3 g6 46. b4 f5 47. Kd6 g4 48. hxg4 fxg4 49. g3 axb4 50. axb4 Kb7 51. Kc5 Kc7 52. Kxb5 Kb7 53. Kc5 Kc7 54. Kd5 Kb6 55. Ke5 Kb5 56. Kf4 Kxb4 57. Kxg4 Kc5 58. Kg5 Kd5 59. Kxg6 Ke6 60. g4 Ke7 61. g5 Kf8 62. Kh7 1-0

[Event "Regionalliga Mittelrhein 1213"]
[Site "Germany"]
[Date "2013.03.03"]
[Round "8.3"]
[White "Goossens, Etienne"]
[Black "Cramer, Volker"]
[Result "1/2-1/2"]
[WhiteElo "2211"]
[BlackElo "2089"]
[PlyCount "70"]
[EventDate "2012.09.09"]
[EventType "team"]
[EventRounds "11"]
[EventCountry "GER"]
[SourceTitle "EXT 2015"]
[Source "ChessBase"]
[SourceDate "2014.11.20"]
[SourceVersion "1"]
[SourceVersionDate "2014.11.20"]
[SourceQuality "1"]
[WhiteTeam "Wuerselen"]
[BlackTeam "Koeln Lasker"]
[WhiteTeamCountry "GER"]
[BlackTeamCountry "GER"]

1. Nf3 e6 2. g3 Nf6 3. Bg2 Be7 4. 0-0 0-0 5. c4 d5 6. d4 Nbd7 7. Qc2 Ne4 8. cxd5 exd5 9. Nc3 Ndf6 10. Nd2 Nxc3 11. bxc3 Bg4 12. f3 Bh5 13. e4 dxe4 14. fxe4 c5 15. Bb2 cxd4 16. cxd4 Rc8 17. Qb3 Qa5 18. Nc4 Qb4 19. Ne3 Qd2 20. Rf2 Qa5 21. Rf5 Qd2 22. Rf2 Qa5 23. Nf5 Bb4 24. a3 Bd2 25. Ne7+ Kh8 26. Rf5 Qc7 27. Nxc8 Qxc8 28. Raf1 Bg6 29. Rc5 Qd7 30. Qd3 b6 31. Rc2 Bh6 32. Re1 Rd8 33. Qc4 Qg4 34. Qe2 Qd7 35. Qf3 Re8 1/2-1/2

[Event "Regionalliga Mittelrhein 1213"]
[Site "Germany"]
[Date "2013.02.03"]
[Round "7.7"]
[White "Cramer, Volker"]
[Black "Breitenstein, Bert"]
[Result "1-0"]
[WhiteElo "2089"]
[BlackElo "1936"]
[PlyCount "65"]
[EventDate "2012.09.09"]
[EventType "team"]
[EventRounds "11"]
[EventCountry "GER"]
[SourceTitle "EXT 2015"]
[Source "ChessBase"]
[SourceDate "2014.11.20"]
[SourceVersion "1"]
[SourceVersionDate "2014.11.20"]
[SourceQuality "1"]
[WhiteTeam "Koeln Lasker"]
[BlackTeam "Godesberg II"]
[WhiteTeamCountry "GER"]
[BlackTeamCountry "GER"]

1. d4 f5 2. g3 Nf6 3. Bg2 g6 4. Nd2 c5 5. dxc5 Qa5 6. Ngf3 Bg7 7. 0-0 Qxc5 8. Nb3 Qc7 9. Bf4 Qd8 10. c4 Nc6 11. c5 Nh5 12. Qc2 Nxf4 13. gxf4 d5 14. cxd6 Qxd6 15. e3 e5 16. Rad1 Qe7 17. Nxe5 Nxe5 18. fxe5 Bxe5 19. Qc4 Kf8 20. Nd4 Kg7 21. b3 Rf8 22. Rfe1 Qf6 23. f4 Bb8 24. Rc1 Bd6 25. Rcd1 Re8 26. Qa4 Qe7 27. Rd3 Bd7 28. Qa5 Rac8 29. Red1 Bc5 30. Bxb7 Bxd4 31. exd4 Rc2 32. Qe5+ Kh6 33. Rh3+ 1-0

[Event "Regionalliga Mittelrhein 1213"]
[Site "Germany"]
[Date "2012.10.21"]
[Round "3.7"]
[White "Cramer, Volker"]
[Black "Hess, Dennis"]
[Result "1-0"]
[WhiteElo "2089"]
[BlackElo "1981"]
[PlyCount "95"]
[EventDate "2012.09.09"]
[EventType "team"]
[EventRounds "11"]
[EventCountry "GER"]
[SourceTitle "EXT 2015"]
[Source "ChessBase"]
[SourceDate "2014.11.20"]
[SourceVersion "1"]
[SourceVersionDate "2014.11.20"]
[SourceQuality "1"]
[WhiteTeam "Langenfeld II"]
[BlackTeam "Koeln Lasker"]
[WhiteTeamCountry "GER"]
[BlackTeamCountry "GER"]

1. d4 d5 2. c4 e6 3. Nf3 Nf6 4. g3 c6 5. Bg2 Bd6 6. 0-0 Nbd7 7. b3 0-0 8. Nc3 Re8 9. Qc2 h6 10. Bb2 Qe7 11. Rad1 a6 12. Nd2 dxc4 13. Nxc4 Bb4 14. e4 b5 15. Ne3 Bb7 16. Qc1 Rac8 17. a3 Ba5 18. b4 Bc7 19. Qb1 e5 20. d5 g6 21. dxc6 Bxc6 22. Ncd5 Bxd5 23. exd5 Nb6 24. Rc1 Bd6 25. Rc6 Rxc6 26. dxc6 Bc7 27. Rd1 Rd8 28. Qc2 Rxd1+ 29. Qxd1 Qd6 30. Qe2 h5 31. h3 Nfd5 32. Nxd5 Nxd5 33. f4 Qxc6 34. fxe5 Qb6+ 35. Kh2 Ne3 36. Be4 Nc4 37. Bc1 Bxe5 38. Bd5 Bxg3+ 39. Kg2 Be5 40. Bxc4 Qc6+ 41. Kf2 Bd4+ 42. Be3 Qf6+ 43. Qf3 Bxe3+ 44. Kxe3 Qxf3+ 45. Kxf3 bxc4 46. a4 Kf8 47. b5 axb5 48. a5 1-0

[Event "Regionalliga Mittelrhein 1213"]
[Site "Germany"]
[Date "2012.09.09"]
[Round "1.6"]
[White "Bekritski, Evgeni"]
[Black "Cramer, Volker"]
[Result "0-1"]
[WhiteElo "1935"]
[BlackElo "2089"]
[PlyCount "94"]
[EventDate "2012.09.09"]
[EventType "team"]
[EventRounds "11"]
[EventCountry "GER"]
[SourceTitle "EXT 2015"]
[Source "ChessBase"]
[SourceDate "2014.11.20"]
[SourceVersion "1"]
[SourceVersionDate "2014.11.20"]
[SourceQuality "1"]
[WhiteTeam "Koeln Ford SF"]
[BlackTeam "Koeln Lasker"]
[WhiteTeamCountry "GER"]
[BlackTeamCountry "GER"]

1. b3 Nf6 2. Bb2 g6 3. c4 Bg7 4. e3 0-0 5. d3 c5 6. Qc2 Nc6 7. a3 b6 8. Nf3 d5 9. cxd5 Qxd5 10. Nc3 Qf5 11. Be2 Be6 12. Rb1 Rac8 13. 0-0 Rfd8 14. Ne4 Qd5 15. Nxf6+ Bxf6 16. Bxf6 exf6 17. Nd2 f5 18. Rfd1 f4 19. Ne4 Qe5 20. Qb2 fxe3 21. fxe3 Bf5 22. Bf3 Rc7 23. h3 Kg7 24. Rd2 Rcd7 25. Qc2 Ne7 26. Rbd1 f6 27. Kf2 h5 28. Qc4 Be6 29. Qc2 h4 30. b4 f5 31. Qc3 Nc6 32. d4 cxd4 33. Qxc6 fxe4 34. Qxe4 Qxe4 35. Bxe4 Bb3 36. exd4 Bxd1 37. Rxd1 Rxd4 38. Re1 Re8 39. Kf3 Kf6 40. Re2 a5 41. bxa5 bxa5 42. Re3 Ra4 43. Bc6 Rxe3+ 44. Kxe3 Rxa3+ 45. Kd2 Kf5 46. Kc2 g5 47. Kb2 Rg3 0-1

[Event "Mittelrhein-chT 1112"]
[Site "Germany"]
[Date "2012.04.15"]
[Round "11.6"]
[White "Tonnicchi, Claudio"]
[Black "Cramer, Volker"]
[Result "1-0"]
[WhiteElo "1994"]
[BlackElo "2065"]
[PlyCount "91"]
[EventDate "2011.09.11"]
[EventType "team-tourn"]
[EventRounds "13"]
[EventCountry "GER"]
[SourceTitle "EXT 2013"]
[Source "ChessBase"]
[SourceDate "2012.11.22"]
[SourceVersion "1"]
[SourceVersionDate "2012.11.22"]
[SourceQuality "1"]
[WhiteTeam "Bruehl"]
[BlackTeam "Koeln Lasker"]
[WhiteTeamCountry "GER"]
[BlackTeamCountry "GER"]

1. Nf3 Nf6 2. d4 c5 3. d5 e6 4. c4 b5 5. dxe6 fxe6 6. cxb5 d5 7. e3 Bd6 8. Be2 0-0 9. 0-0 a6 10. Nc3 Bb7 11. b3 Ng4 12. h3 Ne5 13. Nh2 Qf6 14. Bb2 Qg6 15. Qb1 Rf5 16. bxa6 Nxa6 17. Nb5 Bb8 18. Ng4 Nxg4 19. hxg4 Qh6 20. f4 Rf8 21. Rf3 d4 22. Rh3 Qg6 23. Bd3 Qxg4 24. Bxh7+ Kf7 25. Be4 Bd5 26. Bxd5 exd5 27. Qd1 Qxd1+ 28. Rxd1 Nc7 29. Nxc7 Bxc7 30. a3 Rab8 31. exd4 c4 32. b4 Bxf4 33. Rf1 Kg8 34. Rhf3 Bd2 35. Bc3 Rxf3 36. Rxf3 Bc1 37. a4 Ba3 38. b5 Bd6 39. Rf5 Bc7 40. Rxd5 Ra8 41. Rc5 Bb6 42. Rxc4 Kf7 43. a5 Bd8 44. b6 Ke6 45. b7 Rb8 46. a6 1-0

[Event "Mittelrhein-chT 1112"]
[Site "Germany"]
[Date "2011.10.23"]
[Round "3.6"]
[White "Papaioannou, Dimitrios"]
[Black "Cramer, Volker"]
[Result "0-1"]
[WhiteElo "2073"]
[BlackElo "2065"]
[PlyCount "144"]
[EventDate "2011.09.11"]
[EventType "team-tourn"]
[EventRounds "13"]
[EventCountry "GER"]
[SourceTitle "EXT 2013"]
[Source "ChessBase"]
[SourceDate "2012.11.22"]
[SourceVersion "1"]
[SourceVersionDate "2012.11.22"]
[SourceQuality "1"]
[WhiteTeam "Koeln Muelheim"]
[BlackTeam "Koeln Lasker"]
[WhiteTeamCountry "GER"]
[BlackTeamCountry "GER"]

1. e4 e6 2. d4 d5 3. Nc3 Nf6 4. Bg5 Be7 5. e5 Nfd7 6. h4 f6 7. exf6 Nxf6 8. Nf3 c5 9. Bb5+ Nc6 10. Ne5 Qc7 11. h5 0-0 12. Bxc6 bxc6 13. Ng6 cxd4 14. Qxd4 Rf7 15. Nxe7+ Qxe7 16. h6 e5 17. Qa4 Qc5 18. Bxf6 Rxf6 19. 0-0-0 Rf4 20. Qb3 gxh6 21. Nxd5 cxd5 22. Rxd5 Qc4 23. Rd8+ Kf7 24. Qg3 Rg4 25. Qa3 Rg8 26. Rxg8 Kxg8 27. Qg3+ Qg4 28. Qxe5 Qg5+ 29. Qxg5+ hxg5 30. Rh5 g4 31. Kd2 Be6 32. Ke3 Rc8 33. c3 Kg7 34. g3 Kg6 35. Ra5 Rc7 36. Ra6 Kf5 37. Ra5+ Kf6 38. f3 Re7 39. fxg4 Bxa2+ 40. Kf4 Bb1 41. Ra6+ Re6 42. Rxa7 Rb6 43. b4 Rc6 44. Ra3 Rc4+ 45. Kf3 Bc2 46. Ra6+ Ke5 47. Ra5+ Kd6 48. Ra2 Rxc3+ 49. Kf4 Kc6 50. Kg5 Kb5 51. Kh6 Bg6 52. Rb2 Rxg3 53. g5 Rh3+ 54. Kg7 Rh5 55. Kf6 Rh4 56. Rd2 Rxb4 57. Rd1 Kc5 58. Rc1+ Kd5 59. Ra1 Rf4+ 60. Kg7 Ke6 61. Ra6+ Kf5 62. Ra5+ Kg4 63. Kh6 Bf5 64. Rb5 Re4 65. Rb6 Re3 66. Rb4+ Be4 67. Rb5 Rh3+ 68. Kg7 Bf5 69. Kf6 Rf3 70. Ra5 Bg6+ 71. Ke6 Rf5 72. Ra4+ Kxg5 0-1

[Event "Niederrhein-ch"]
[Site "Niederrhein"]
[Date "1995.04.??"]
[Round "?"]
[White "Cramer, Volker"]
[Black "Richter, Peter"]
[Result "1-0"]
[WhiteElo "2103"]
[BlackElo "1905"]
[PlyCount "116"]
[EventDate "1995.04.07"]
[EventType "swiss"]
[EventRounds "9"]
[EventCountry "GER"]
[SourceTitle "EXT 2006"]
[Source "ChessBase"]
[SourceDate "2005.11.24"]
[SourceVersion "1"]
[SourceVersionDate "2005.11.24"]
[SourceQuality "1"]

1. d4 g6 2. Nf3 Bg7 3. g3 Nf6 4. Bg2 0-0 5. c4 d6 6. 0-0 Nbd7 7. Nc3 c6 8. e4 e5 9. h3 Qe7 10. Bg5 h6 11. Be3 Re8 12. d5 c5 13. a3 Nf8 14. b4 b6 15. bxc5 bxc5 16. Qa4 Bd7 17. Qc2 Reb8 18. Rfb1 Be8 19. Ne1 a6 20. Nd3 Qc7 21. Rxb8 Rxb8 22. Rb1 N6d7 23. a4 Rxb1+ 24. Nxb1 Nb6 25. a5 Nc8 26. Bd2 Qb7 27. Nc3 Ne7 28. Na4 f5 29. f3 Bxa4 30. Qxa4 Qb1+ 31. Bf1 Qb7 32. Be3 Nd7 33. Qc2 fxe4 34. fxe4 Nf6 35. Nxe5 dxe5 36. Bxc5 Nc8 37. Ba3 Nd7 38. c5 Bf8 39. d6 Na7 40. Qc4+ Kg7 41. Qxa6 Qxa6 42. Bxa6 Nb8 43. Bc4 Kf6 44. Kf2 h5 45. h4 Bh6 46. Bd5 Bd2 47. a6 Nxa6 48. c6 Nxc6 49. Bxc6 Bb4 50. Bxb4 Nxb4 51. Be8 Nd3+ 52. Ke3 Nc5 53. d7 Ne6 54. Kd3 Ke7 55. Bxg6 Nc5+ 56. Ke3 Nxd7 57. Bxh5 Kf6 58. g4 Nf8 1-0

[Event "Niederrhein-ch"]
[Site "Niederrhein"]
[Date "1995.04.??"]
[Round "?"]
[White "Cramer, Volker"]
[Black "Wilczek, Ralph"]
[Result "0-1"]
[WhiteElo "2103"]
[BlackElo "2015"]
[PlyCount "74"]
[EventDate "1995.04.07"]
[EventType "swiss"]
[EventRounds "9"]
[EventCountry "GER"]
[SourceTitle "EXT 2006"]
[Source "ChessBase"]
[SourceDate "2005.11.24"]
[SourceVersion "1"]
[SourceVersionDate "2005.11.24"]
[SourceQuality "1"]

1. d4 Nf6 2. Nf3 c5 3. d5 e6 4. c4 b5 5. dxe6 fxe6 6. cxb5 d5 7. Qa4 Nbd7 8. Bg5 Qc7 9. Nbd2 Bb7 10. e3 Bd6 11. Bxf6 gxf6 12. Qg4 Kf7 13. Qh5+ Kg7 14. g3 Qa5 15. Bh3 Rhe8 16. 0-0 Qxb5 17. Nh4 Qc6 18. f4 Nf8 19. g4 Qd7 20. g5 f5 21. Kf2 Qf7 22. Qh6+ Kh8 23. Rg1 Ng6 24. Ndf3 Qg7 25. Nxg6+ Qxg6 26. Qh4 Ba6 27. Qg3 Qg7 28. Ne5 Bxe5 29. fxe5 Rab8 30. b3 Qg6 31. Rac1 Rec8 32. Qf3 Rb4 33. Rc3 Bb7 34. Qg3 Rf8 35. Re1 f4 36. exf4 Rbxf4+ 37. Rf3 Rxf3+ 0-1